| 000 | 02528pam a2200649 a 4500 | ||
|---|---|---|---|
| 020 | _a0138550735 | ||
| 082 | 0 | 0 |
_a624.171 _bCHA _cL-38,P-104 |
| 100 | 1 |
_aChajes, Alexander, _938432 |
|
| 245 | 1 | 0 |
_aStructural analysis _cAlexander Chajes. |
| 250 | _a2nd ed. | ||
| 260 |
_aEnglewood Cliffs, N.J. : _bPrentice Hall, _cc1990. |
||
| 300 |
_axii, 468 p. : _bill. ; _c24 cm. + |
||
| 500 | _aSystem requirements for computer disk: IBM or IBM-compatible personal computers; BASIC. | ||
| 526 |
_a0 _b0 _c0 _d624_171000000000000_CHA |
||
| 526 |
_a0 _b0 _c0 _d624_171000000000000_CHA |
||
| 526 |
_a0 _b0 _c0 _d624_171000000000000_CHA |
||
| 526 |
_a0 _b0 _c0 _d624_171000000000000_CHA |
||
| 526 |
_a0 _b0 _c0 _d624_171000000000000_CHA |
||
| 526 |
_a0 _b0 _c0 _d624_171000000000000_CHA |
||
| 526 |
_a0 _b0 _c0 _d624_171000000000000_CHA |
||
| 526 |
_a0 _b0 _c0 _d624_171000000000000_CHA |
||
| 526 |
_a0 _b0 _c0 _d624_171000000000000_CHA |
||
| 526 |
_a0 _b0 _c0 _d624_171000000000000_CHA |
||
| 526 |
_a0 _b0 _c0 _d624_171000000000000_CHA |
||
| 526 |
_a0 _b0 _c0 _d624_171000000000000_CHA |
||
| 526 |
_a0 _b0 _c0 _d624_171000000000000_CHA |
||
| 526 |
_a0 _b0 _c0 _d624_171000000000000_CHA |
||
| 526 |
_a0 _b0 _c0 _d624_171000000000000_CHA |
||
| 526 |
_a0 _b0 _c0 _d624_171000000000000_CHA |
||
| 526 |
_a0 _b0 _c0 _d624_171000000000000_CHA |
||
| 526 |
_a0 _b0 _c0 _d624_171000000000000_CHA |
||
| 526 |
_a0 _b0 _c0 _d624_171000000000000_CHA |
||
| 526 |
_a0 _b0 _c0 _d624_171000000000000_CHA |
||
| 526 |
_a0 _b0 _c0 _d624_171000000000000_CHA |
||
| 526 |
_a0 _b0 _c0 _d624_171000000000000_CHA |
||
| 526 |
_a0 _b0 _c0 _d624_171000000000000_CHA |
||
| 526 |
_a0 _b0 _c0 _d624_171000000000000_CHA |
||
| 526 |
_a0 _b0 _c0 _d624_171000000000000_CHA |
||
| 526 |
_a0 _b0 _c0 _d624_171000000000000_CHA |
||
| 526 |
_a0 _b0 _c0 _d624_171000000000000_CHA |
||
| 526 |
_a0 _b0 _c0 _d624_171000000000000_CHA |
||
| 526 |
_a0 _b0 _c0 _d624_171000000000000_CHA |
||
| 526 |
_a0 _b0 _c0 _d624_171000000000000_CHA |
||
| 526 |
_a0 _b0 _c0 _d624_171000000000000_CHA |
||
| 526 |
_a0 _b0 _c0 _d624_171000000000000_CHA |
||
| 526 |
_a0 _b0 _c0 _d624_171000000000000_CHA |
||
| 526 |
_a0 _b0 _c0 _d624_171000000000000_CHA |
||
| 526 |
_a0 _b0 _c0 _d624_171000000000000_CHA |
||
| 526 |
_a0 _b0 _c0 _d624_171000000000000_CHA |
||
| 526 |
_a0 _b0 _c0 _d624_171000000000000_CHA |
||
| 526 |
_a0 _b0 _c0 _d624_171000000000000_CHA |
||
| 526 |
_a0 _b0 _c0 _d624_171000000000000_CHA |
||
| 526 |
_a0 _b0 _c0 _d624_171000000000000_CHA |
||
| 650 | 0 |
_aMCE _9379 |
|
| 650 | 0 |
_aStructural analysis (Engineering) _9654 |
|
| 942 |
_2ddc _cBK |
||
| 999 |
_c543081 _d543081 |
||